|
|
|
|
| LEADER |
00000nam0a2200000 4500 |
| 001 |
361567 |
| 005 |
20231102011412.0 |
| 035 |
|
|
|a (RuTPU)RU\TPU\retro\18897
|
| 090 |
|
|
|a 361567
|
| 100 |
|
|
|a 20210623d1964 km y0rusy50 ca
|
| 101 |
0 |
|
|a rus
|
| 102 |
|
|
|a RU
|
| 105 |
|
|
|a a z 001zy
|
| 200 |
1 |
|
|a Особенности учета, калькулирования и анализа себестоимости отливок
|f Ф. П. Васин
|
| 210 |
|
|
|a Москва
|c Машиностроение
|d 1964
|
| 215 |
|
|
|a 94 с.
|c ил.
|e Прилож.: 1 вкл. л.
|
| 320 |
|
|
|a Библиогр.: с. 92
|
| 606 |
1 |
|
|a Отливки
|x Учет
|x Калькулирование
|x Себестоимость
|2 stltpush
|3 (RuTPU)RU\TPU\subj\47729
|9 66641
|
| 610 |
1 |
|
|a затраты на производство
|
| 610 |
1 |
|
|a формовочные материалы
|
| 610 |
1 |
|
|a выработки
|
| 610 |
1 |
|
|a брак
|
| 610 |
1 |
|
|a потери
|
| 610 |
1 |
|
|a потери
|
| 610 |
1 |
|
|a литейное производство
|
| 675 |
|
|
|a 621.74.002.6
|v 4
|
| 700 |
|
1 |
|a Васин
|b Ф. П.
|
| 801 |
|
1 |
|a RU
|b 63413507
|c 20210623
|
| 801 |
|
2 |
|a RU
|b 63413507
|c 20230220
|g RCR
|
| 942 |
|
|
|c BK
|